000 00470cam a2200193 4500
001 D3662
008 090401t1986 xxu||||| |||| 00| 0 eng d
035 _a(Sirsi) u74364
041 _aeng
050 _a692.5
100 _aMacCormack, J.A.D.
245 _aFarm building cost guide 1986
250 _a12th
260 _aAberdeen
_bScottish Farm Buildings Investigation Un
_c1986
300 _a84p. ill. 30cm
350 _a6.5
942 _n0
948 _c04/03/1997
999 _c95819
_d95819